O teu rosto será o último (Registo nº 1530)

Detalhes MARC
000 -Etiqueta do registo
Cabeçalho 00650nam0a2200241 4500
005 - Identificador da versão
Campo de controlo 20240813121839.0
010 ## - Número internacional normalizado dos livros (ISBN)
Número (ISBN) 9789896602093
021 ## - Número do Depósito Legal
Código do país PT
Número 346218/12
100 ## - Dados gerais de processamento
Dados gerais de processamento 20150811d2012 m y0pory50030103ba
102 ## - Pais de publicação ou produção
País de publicação Portugal
101 0# - Língua de publicação
Língua do texto, banda sonora, etc. Português
215 ## - Descrição física 
Indicação específica da natureza do documento e extensão da espécie 207 p.
200 1# - Titulo e menção de responsabilidade
Título próprio O teu rosto será o último
Primeira menção de responsabilidade João Ricardo Pedro
205 ## - Menção da edição
Menção da edição 7ª ed
210 ## - Publicação, Distribuição, etc. 
Lugar da edição, distribuição, etc. Alfragide
Nome do editor, distribuidor, etc. Leya
Data da publicação, distribuição, etc. 2012
606 ## - Nome comum usado como assunto
Número de registo de entrada de autoridade 0002005
Palavra de ordem Literatura portuguesa
Subdivisão de assunto Romance
Código do sistema CA
675 ## - Classificação Decimal Universal (CDU)
Notação 821.134.3-31
Edição 3ª ed.
Língua da edição por
700 #1 - Nome de autor-pessoa física (responsabilidade principal)
Número de registo de entrada de autoridade 0002417
Palavra de ordem Pedro
Outra parte do nome não tomada para palavra de ordem João Ricardo
Datas 1973-
966 ## - Identificação da Biblioteca
Sigla EB2,3ENM
942 ## - Elementos de entrada adicionados (Koha)
Tipo de item no Koha Livro
Exemplares
Situação do levantamento Origin of item (home branch) (coded) Biblioteca de empréstimo Código de barras Cota Circulation type (not for loan) Tipo de documento Nota do exemplar Damaged status
  Biblioteca Escolar Eng. Nuno Mergulhão Biblioteca Escolar Eng. Nuno Mergulhão BENM3662 82LP-3 PED   Livro Sem mensagem